000 01560nam a22002297a 4500
005 20211231100632.0
008 211231b ||||| |||| 00| 0 eng d
040 _cAL
041 _aeng
082 _223
_a622.1828
_bGOOO
100 _aDavid Goodstein
_912159
245 _aOut of Gas: The End of the Age of Oil
260 _aNew York:
_bW W Norton & Company,
_c2004.
300 _a140 p.
_bHB
_c21x14 cm.
365 _b21.95
_c£
_d21.95
520 _aOur rate of oil discovery has reached its peak and will never be exceeded; rather, it is certain to decline—perhaps rapidly—forever forward. Meanwhile, over the past century, we have developed lifestyles firmly rooted in the promise of an endless, cheap supply. In this book, David Goodstein, professor of physics at Caltech, explains the underlying scientific principles of the inevitable fossil fuel shortage we face. He outlines the drastic effects a fossil fuel shortage will bring down on us. And he shows that there is an important silver lining to the need to switch to other sources of energy, for when we have burned up all the available oil, the earth's climate will have moved toward a truly life-threatening state. With its easy-to-grasp explanations of the science behind every aspect of our most urgent environmental policy decisions, Out of Gas is a handbook for the future of civilization.
650 _aPetroleum Reserves
_912155
650 _aPetroleum Industry and Trade
_912156
650 _aMining Engineering
_912157
700 _aGOODSTEIN (David)
_912158
942 _2ddc
_cGF
999 _c221029
_d221029